¿Ángel o demonio? (notice n° 1733368)

détails MARC
000 -LEADER
fixed length control field 01502cam a2200169 4500500
005 - DATE AND TIME OF LATEST TRANSACTION
control field 20260322003608.0
041 ## - LANGUAGE CODE
Language code of text/sound track or separate title fre
042 ## - AUTHENTICATION CODE
Authentication code dc
100 10 - MAIN ENTRY--PERSONAL NAME
Personal name Abdel Halim, Lara
Relator term author
245 00 - TITLE STATEMENT
Title ¿Ángel o demonio?
260 ## - PUBLICATION, DISTRIBUTION, ETC.
Date of publication, distribution, etc. 2026.<br/>
500 ## - GENERAL NOTE
General note 20
520 ## - SUMMARY, ETC.
Summary, etc. Esta investigación explora las representaciones sociales de la inteligencia artificial (IA) en los servicios en Francia, utilizando la teoría del núcleo central y el concepto de implicación personal. Se entrevistó a ciento cincuenta profesionales utilizando el método de asociación libre. Los resultados revelan percepciones contrastadas según el grado de implicación en la IA y valencias actitudinales a veces opuestas. Los más comprometidos recurren a una racionalidad instrumental, centrada en las funcionalidades de la IA y proyectándola hacia un futuro estratégico. Los menos implicados expresan una racionalidad social, marcada por elementos normativos y una temporalidad reactiva centrada en ganancias de eficacia inmediatas. Esta divergencia redefine el reto gerencial, que ya no consiste en integrar mejor la IA superando la resistencia, sino en arbitrar las racionalidades para decidir de manera soberana y colectiva sobre la pertinencia de la herramienta.
700 10 - ADDED ENTRY--PERSONAL NAME
Personal name Chamaret, Cécile
Relator term author
786 0# - DATA SOURCE ENTRY
Note Revue française de gestion | 326 | 1 | 2026-02-18 | p. 139-164 | 0338-4551
856 41 - ELECTRONIC LOCATION AND ACCESS
Uniform Resource Identifier <a href="https://shs.cairn.info/revista-revue-francaise-de-gestion-2026-1-page-139?lang=es&redirect-ssocas=7080">https://shs.cairn.info/revista-revue-francaise-de-gestion-2026-1-page-139?lang=es&redirect-ssocas=7080</a>

Pas d'exemplaire disponible.

PLUDOC

PLUDOC est la plateforme unique et centralisée de gestion des bibliothèques physiques et numériques de Guinée administré par le CEDUST. Elle est la plus grande base de données de ressources documentaires pour les Étudiants, Enseignants chercheurs et Chercheurs de Guinée.

Adresse

627 919 101/664 919 101

25 boulevard du commerce
Kaloum, Conakry, Guinée

Réseaux sociaux

Powered by Netsen Group @ 2025